[Event "7. Copenhagen Open Politiken Cup"]
[Site "Copenhagen"]
[Date "1985.??.??"]
[Round "5"]
[White "Sorensen, Henrik"]
[Black "Bjerring, Kai"]
[Result "0-1"]
[WhiteElo "2235"]
[BlackElo "2315"]
[PlyCount "54"]
[EventDate "1985.??.??"]
[EventType "swiss"]
[EventRounds "10"]
[EventCountry "DEN"]
[SourceDate "2004.01.01"]

1. Nf3 Nf6 2. d4 c5 3. d5 d6 4. Nc3 g6 5. e4 Bg7 6. Be2 O-O 7. Nd2 Na6 8. O-O
Nc7 9. a4 Rb8 10. Nc4 b6 11. f4 Ba6 12. Ne3 Bxe2 13. Qxe2 a6 14. Rd1 b5 15.
axb5 axb5 16. e5 Nd7 17. Ng4 h5 18. Nf2 dxe5 19. f5 b4 20. Nce4 Nb5 21. fxg6
fxg6 22. Bg5 Nd4 23. Qc4 Nb6 24. Qxc5 Qxd5 25. Qxb4 Nc4 26. Qxe7 Rf7 27. Qc5
Ne2+ 0-1

[Event "7. Copenhagen Open Politiken Cup"]
[Site "Copenhagen"]
[Date "1985.??.??"]
[Round "5"]
[White "Van Mil, Johan"]
[Black "Setterqvist, Kurt"]
[Result "1/2-1/2"]
[WhiteElo "2345"]
[BlackElo "2280"]
[PlyCount "91"]
[EventDate "1985.??.??"]
[EventType "swiss"]
[EventRounds "10"]
[EventCountry "DEN"]
[SourceDate "2004.01.01"]

1. e4 d5 2. exd5 Qxd5 3. Nc3 Qa5 4. d4 Nf6 5. Nf3 Bf5 6. Bc4 e6 7. O-O Nbd7 8.
Qe2 c6 9. Ne5 Bb4 10. Nxd7 Nxd7 11. d5 cxd5 12. Nxd5 O-O 13. Nxb4 Qxb4 14. c3
Qa5 15. Rd1 Qc7 16. Bg5 Rac8 17. Bb5 Nc5 18. Rd4 e5 19. Rd5 Be4 20. Rd2 Bc6 21.
Bxc6 Qxc6 22. Be7 Rfe8 23. Bxc5 Qxc5 24. Rad1 Qa5 25. Rd7 Qxa2 26. Rxb7 Rxc3
27. Rxf7 Qxf7 28. bxc3 Qb3 29. c4 Rc8 30. h3 Qc3 31. Qg4 Rf8 32. Qe6+ Kh8 33.
Qe7 Kg8 34. Qe6+ Kh8 35. Qe7 Kg8 36. c5 h6 37. Qe6+ Kh7 38. c6 Rf6 39. Qd7 Qxc6
40. Qxa7 Rg6 41. g3 Qf3 42. Re1 Qf5 43. Kg2 Re6 44. Qc5 Kg6 45. Qd5 e4 46.
Qxf5+ 1/2-1/2

[Event "7. Copenhagen Open Politiken Cup"]
[Site "Copenhagen"]
[Date "1985.??.??"]
[Round "5"]
[White "Vogel, Jaap"]
[Black "Bjarnason, Saevar"]
[Result "0-1"]
[WhiteElo "2280"]
[BlackElo "2355"]
[PlyCount "66"]
[EventDate "1985.??.??"]
[EventType "swiss"]
[EventRounds "10"]
[EventCountry "DEN"]
[SourceDate "2004.01.01"]

1. Nf3 Nf6 2. g3 d5 3. Bg2 c6 4. b3 Bg4 5. Bb2 Nbd7 6. c4 e6 7. O-O Be7 8. d3
O-O 9. Nbd2 a5 10. a3 Re8 11. Qc2 Bf8 12. Rfe1 e5 13. h3 Bh5 14. Nh4 d4 15. Nf5
Qc7 16. g4 Bg6 17. Ng3 h5 18. f3 Be7 19. Bc1 Nc5 20. Rb1 Ne6 21. b4 axb4 22.
axb4 hxg4 23. hxg4 e4 24. Ndxe4 Nxe4 25. Nxe4 Bxe4 26. dxe4 Qg3 27. Bd2 Ng5 28.
e5 Nh3+ 29. Kh1 Bg5 30. Bxg5 Nxg5 31. Ra1 Rad8 32. Red1 Re6 33. e3 Nxf3 0-1

[Event "7. Copenhagen Open Politiken Cup"]
[Site "Copenhagen"]
[Date "1985.??.??"]
[Round "5"]
[White "Westerinen, Heikki"]
[Black "Pliester, Leon"]
[Result "1-0"]
[WhiteElo "2420"]
[BlackElo "2370"]
[PlyCount "51"]
[EventDate "1985.??.??"]
[EventType "swiss"]
[EventRounds "10"]
[EventCountry "DEN"]
[SourceDate "2004.01.01"]

1. e4 e5 2. Nf3 Nc6 3. Bb5 a6 4. Ba4 Nf6 5. O-O Nxe4 6. d4 b5 7. Bb3 d5 8. dxe5
Be6 9. Nbd2 Nc5 10. c3 Bg4 11. h3 Bh5 12. Qe1 Bg6 13. Nd4 Nxd4 14. cxd4 Nxb3
15. Nxb3 Bd3 16. Qc3 Bc4 17. Re1 Qh4 18. Na5 c5 19. Qf3 Be7 20. Nc6 Rc8 21. g3
Qxh3 22. Nxe7 Kxe7 23. b3 cxd4 24. bxc4 dxc4 25. e6 fxe6 26. Ba3+ 1-0

[Event "7. Copenhagen Open Politiken Cup"]
[Site "Copenhagen"]
[Date "1985.??.??"]
[Round "6"]
[White "Andersson, Tor"]
[Black "Nilsson, Nils Specht"]
[Result "1-0"]
[WhiteElo "2245"]
[BlackElo "2200"]
[PlyCount "91"]
[EventDate "1985.??.??"]
[EventType "swiss"]
[EventRounds "10"]
[EventCountry "DEN"]
[SourceDate "2004.01.01"]

1. d4 d5 2. c4 c6 3. Nf3 Nf6 4. Nc3 dxc4 5. a4 Bf5 6. e3 Bd3 7. Bxd3 cxd3 8.
Qxd3 e6 9. O-O Be7 10. e4 h6 11. h3 O-O 12. Rd1 Na6 13. Bf4 Nb4 14. Qc4 a5 15.
Rd2 Qb6 16. g4 Nh7 17. Be3 Ng5 18. Nxg5 Bxg5 19. Bxg5 hxg5 20. e5 Nd5 21. Ne4
Qd8 22. Ra3 f6 23. exf6 gxf6 24. Rb3 Rf7 25. Nc5 b6 26. Ne4 Rc8 27. Nc3 Kg7 28.
Nxd5 cxd5 29. Qe2 Rc1+ 30. Kg2 Qd6 31. Rc2 Rxc2 32. Qxc2 f5 33. Rf3 Rc7 34. Qd2
Kg6 35. Qd3 Rf7 36. Qc2 Qd7 37. Rc3 Kh6 38. b3 fxg4 39. hxg4 Kg7 40. Rh3 Kf8
41. Qg6 Ke7 42. Qxg5+ Kd6 43. Qe5+ Ke7 44. Rc3 Kf8 45. g5 Rg7 46. Qb8+ 1-0

[Event "7. Copenhagen Open Politiken Cup"]
[Site "Copenhagen"]
[Date "1985.??.??"]
[Round "6"]
[White "Bator, Robert"]
[Black "Andreasen, Per Naesby"]
[Result "1-0"]
[WhiteElo "2380"]
[BlackElo "2260"]
[PlyCount "138"]
[EventDate "1985.??.??"]
[EventType "swiss"]
[EventRounds "10"]
[EventCountry "DEN"]
[SourceDate "2004.01.01"]

1. e4 c6 2. d4 d5 3. Nc3 g6 4. Nf3 Bg4 5. exd5 cxd5 6. Bb5+ Nc6 7. h3 Bxf3 8.
Qxf3 e6 9. O-O Bg7 10. Be3 Nge7 11. Ne2 a6 12. Bd3 Nb4 13. Bg5 O-O 14. c3 Nxd3
15. Qxd3 Qd7 16. Ng3 Nc6 17. Rad1 b5 18. a3 Rfb8 19. Qe3 a5 20. Bh6 b4 21. axb4
axb4 22. Rd3 Qd8 23. Qf4 Qf6 24. Qc1 Bxh6 25. Qxh6 Qg7 26. Qf4 Ne7 27. Qd6 Nc8
28. Qc7 Qf8 29. Qf4 Qd6 30. Qg5 Qe7 31. Qh6 Qf8 32. Qh4 Qe7 33. Qf4 Qd6 34. Qg4
Ne7 35. Rf3 Nf5 36. Nxf5 exf5 37. Rxf5 Ra2 38. Qg5 Rd8 39. Rf6 Qb8 40. Qc1 Rc8
41. Re1 bxc3 42. bxc3 Kg7 43. Rf3 Qd6 44. h4 h5 45. Qg5 Ra7 46. g3 Rac7 47. Qd2
Rd7 48. Kg2 Rdc7 49. Re5 Rd7 50. Qa2 Rcc7 51. Re8 Ra7 52. Qe2 Rac7 53. Rfe3 Ra7
54. Rc8 Re7 55. Re8 Rec7 56. Qf3 Rd7 57. Rc8 Rac7 58. Rxc7 Qxc7 59. Re5 Qc6 60.
Re8 Rd6 61. Qe3 Re6 62. Rxe6 fxe6 63. f3 Qd7 64. g4 Qf7 65. Kg3 Kh7 66. Qe5 Kg8
67. Qf4 Qe8 68. Qf6 Kh7 69. Kf4 hxg4 1-0

[Event "7. Copenhagen Open Politiken Cup"]
[Site "Copenhagen"]
[Date "1985.??.??"]
[Round "6"]
[White "Bator, Zbigniew"]
[Black "Hartman, Christer"]
[Result "0-1"]
[WhiteElo "2315"]
[BlackElo "2295"]
[PlyCount "68"]
[EventDate "1985.??.??"]
[EventType "swiss"]
[EventRounds "10"]
[EventCountry "DEN"]
[SourceDate "2004.01.01"]

1. d4 d5 2. c4 dxc4 3. Nf3 Nf6 4. e3 e6 5. Bxc4 c5 6. O-O a6 7. a4 Nc6 8. Qe2
cxd4 9. Rd1 Be7 10. exd4 O-O 11. Nc3 Nd5 12. Ne5 Ncb4 13. Ne4 f6 14. Nf3 b6 15.
Bd2 Re8 16. Rac1 Qd7 17. Bb3 a5 18. Ne1 Ba6 19. Qh5 Bb7 20. Nc3 g6 21. Qh3 Rad8
22. Nd3 Bf8 23. Nxb4 Nxb4 24. Nb5 Bc6 25. Bxb4 Bxb4 26. d5 exd5 27. Qxd7 Bxd7
28. Nc7 Re2 29. Nxd5 Rxb2 30. Bc4 Bd2 31. Rb1 Rxb1 32. Nc3+ Kf8 33. Nxb1 Bb4
34. Rd3 Rc8 0-1

[Event "7. Copenhagen Open Politiken Cup"]
[Site "Copenhagen"]
[Date "1985.??.??"]
[Round "6"]
[White "Bjarnason, Saevar"]
[Black "Clausen, Steen"]
[Result "1-0"]
[WhiteElo "2355"]
[BlackElo "2285"]
[PlyCount "47"]
[EventDate "1985.??.??"]
[EventType "swiss"]
[EventRounds "10"]
[EventCountry "DEN"]
[SourceDate "2004.01.01"]

1. Nf3 g6 2. d4 Bg7 3. c4 c5 4. d5 d6 5. Nc3 Nf6 6. g3 O-O 7. Bg2 Na6 8. O-O
Nc7 9. Bf4 Rb8 10. a4 a6 11. a5 b5 12. axb6 Rxb6 13. Ra2 Bf5 14. Ne1 Qd7 15. e4
Bh3 16. e5 dxe5 17. Bxe5 Bxg2 18. Kxg2 Rb4 19. b3 Rd8 20. Nd3 Nfxd5 21. cxd5
Nxd5 22. Nxb4 Nxc3 23. Qxd7 Rxd7 24. Bxc3 1-0

[Event "7. Copenhagen Open Politiken Cup"]
[Site "Copenhagen"]
[Date "1985.??.??"]
[Round "6"]
[White "Bjerring, Kai"]
[Black "Hartung Nielsen, Jens"]
[Result "1-0"]
[WhiteElo "2315"]
[BlackElo "2245"]
[PlyCount "101"]
[EventDate "1985.??.??"]
[EventType "swiss"]
[EventRounds "10"]
[EventCountry "DEN"]
[SourceDate "2004.01.01"]

1. e4 c5 2. Nf3 d6 3. d4 cxd4 4. Nxd4 Nf6 5. Nc3 g6 6. Be3 Bg7 7. f3 Nc6 8. Qd2
O-O 9. O-O-O d5 10. exd5 Nxd5 11. Nxc6 bxc6 12. Bd4 e5 13. Bc5 Re8 14. Ne4 f5
15. Nd6 Bf8 16. Nxe8 Bxc5 17. c4 Qxe8 18. cxd5 cxd5 19. Bc4 Be6 20. Bxd5 Rc8
21. Kb1 Bd4 22. Bxe6+ Qxe6 23. Rhe1 Qf7 24. Qb4 Rc7 25. Qb3 Qxb3 26. axb3 f4
27. Rc1 Rb7 28. Ka2 Kf7 29. Rc6 Re7 30. b4 h5 31. Kb3 Kg7 32. Rec1 Bb6 33. R1c4
Kh6 34. Rd6 Bg1 35. Rcc6 Rg7 36. h3 Bd4 37. Kc2 Kg5 38. b3 Kh6 39. Kd3 Bb2 40.
Ke4 Ba1 41. b5 Bd4 42. h4 Kh7 43. Kd5 Kh6 44. Re6 Rd7+ 45. Rcd6 Rg7 46. Kc6 Rg8
47. Rd7 Rc8+ 48. Kb7 Rc5 49. Ka6 Rc8 50. Ree7 Rh8 51. b4 1-0

[Event "7. Copenhagen Open Politiken Cup"]
[Site "Copenhagen"]
[Date "1985.??.??"]
[Round "6"]
[White "Bosboom, Manuel"]
[Black "Jacoby, Gisbert"]
[Result "0-1"]
[WhiteElo "2380"]
[BlackElo "2305"]
[PlyCount "81"]
[EventDate "1985.??.??"]
[EventType "swiss"]
[EventRounds "10"]
[EventCountry "DEN"]
[SourceDate "2004.01.01"]

1. e4 c5 2. Nf3 d6 3. d4 cxd4 4. Nxd4 Nf6 5. Nc3 a6 6. Bg5 e6 7. Qd3 Nbd7 8. f4
b5 9. Be2 Bb7 10. Bf3 Qc7 11. O-O-O O-O-O 12. Qe3 Be7 13. Kb1 Nb6 14. Rd3 Nc4
15. Qe2 h6 16. Bxf6 Bxf6 17. a4 b4 18. Na2 e5 19. Nb3 Qb6 20. f5 Kb8 21. Nd2
Na5 22. c3 b3 23. Nb4 Bg5 24. Rd1 Rc8 25. f6 Bxd2 26. R3xd2 Nc4 27. Rd5 gxf6
28. a5 Qe3 29. Qxe3 Nxe3 30. Rxd6 Nxd1 31. Rxd1 Rcd8 32. Nd5 Bxd5 33. exd5 f5
34. c4 e4 35. Bh5 Rc8 36. Rc1 Rc5 37. Rc3 Kc7 38. Bxf7 Rf8 39. Be6 Kd6 40. Kc1
f4 41. Kd2 0-1

[Event "7. Copenhagen Open Politiken Cup"]
[Site "Copenhagen"]
[Date "1985.??.??"]
[Round "6"]
[White "Braga, Fernando"]
[Black "Agdestein, Espen"]
[Result "1/2-1/2"]
[WhiteElo "2390"]
[BlackElo "2305"]
[PlyCount "49"]
[EventDate "1985.??.??"]
[EventType "swiss"]
[EventRounds "10"]
[EventCountry "DEN"]
[SourceDate "2004.01.01"]

1. e4 c5 2. Nf3 e6 3. d4 cxd4 4. Nxd4 Nf6 5. Nc3 d6 6. Be2 a6 7. a4 Nc6 8. O-O
Be7 9. Be3 O-O 10. f4 Qc7 11. Kh1 Rd8 12. Qe1 Nxd4 13. Bxd4 e5 14. Bg1 exf4 15.
a5 Re8 16. Bb6 Qb8 17. Rxf4 Be6 18. Qg3 Nd7 19. Bd4 Ne5 20. Nd5 Bxd5 21. exd5
Bf8 22. Raf1 Qc7 23. Bd3 g6 24. Bb6 Qd7 25. c4 1/2-1/2

[Event "7. Copenhagen Open Politiken Cup"]
[Site "Copenhagen"]
[Date "1985.??.??"]
[Round "6"]
[White "Ernst, Thomas"]
[Black "Westerinen, Heikki"]
[Result "1/2-1/2"]
[WhiteElo "2450"]
[BlackElo "2420"]
[PlyCount "77"]
[EventDate "1985.??.??"]
[EventType "swiss"]
[EventRounds "10"]
[EventCountry "DEN"]
[SourceDate "2004.01.01"]

1. e4 Nf6 2. e5 Nd5 3. d4 d6 4. Nf3 g6 5. Bc4 Nb6 6. Bb3 Nc6 7. Qe2 Bg7 8. O-O
O-O 9. c3 Bg4 10. Bf4 Bxf3 11. Qxf3 dxe5 12. dxe5 Nxe5 13. Qxb7 Qc8 14. Qe4 Qf5
15. Qxf5 gxf5 16. Na3 Nd3 17. Bxc7 Nxb2 18. Nb5 Rfc8 19. Rae1 e6 20. Bg3 Rc6
21. Re3 N2c4 22. Rd3 Nb2 23. Rd6 Rxd6 24. Bxd6 N6c4 25. Bxc4 Nxc4 26. Bf4 Be5
27. Bxe5 Nxe5 28. Rd1 Kf8 29. Kf1 Ke7 30. Ke2 Rc8 31. Nxa7 Ra8 32. Nb5 Rxa2+
33. Rd2 Ra5 34. Nd4 Rc5 35. Rc2 Kf6 36. Nb3 Rb5 37. Nd4 Rc5 38. Nb3 Rb5 39. Nd4
1/2-1/2

[Event "7. Copenhagen Open Politiken Cup"]
[Site "Copenhagen"]
[Date "1985.??.??"]
[Round "6"]
[White "Fette, Martin"]
[Black "Fedder, Steen"]
[Result "0-1"]
[WhiteElo "2290"]
[BlackElo "2410"]
[PlyCount "82"]
[EventDate "1985.??.??"]
[EventType "swiss"]
[EventRounds "10"]
[EventCountry "DEN"]
[SourceDate "2004.01.01"]

1. e4 c5 2. Nf3 d6 3. Bb5+ Nd7 4. d4 Ngf6 5. Nc3 a6 6. Bxd7+ Nxd7 7. O-O cxd4
8. Qxd4 e6 9. Bg5 f6 10. Be3 Ne5 11. Nd2 b5 12. a4 Nc6 13. Qb6 Qxb6 14. Bxb6 b4
15. Ne2 a5 16. Nb3 Ra6 17. Be3 Be7 18. Rfd1 Kf7 19. f3 Rd8 20. Kf2 g6 21. g4
Ne5 22. Ned4 Nc4 23. Nd2 Nxe3 24. Kxe3 d5 25. exd5 Rxd5 26. N2b3 Bd7 27. c4
bxc3 28. bxc3 e5 29. Nb5 Rxd1 30. Rxd1 Be6 31. Rb1 Bd8 32. Kd3 Rc6 33. Nd2 f5
34. h3 Bg5 35. Nb3 Bc4+ 36. Kc2 e4 37. fxe4 fxe4 38. Re1 Rf6 39. N3d4 Rf2+ 40.
Kb1 Bd3+ 41. Ka1 e3 0-1

[Event "7. Copenhagen Open Politiken Cup"]
[Site "Copenhagen"]
[Date "1985.??.??"]
[Round "6"]
[White "Gruenberg, Rainer"]
[Black "Schandorff, Lars"]
[Result "1-0"]
[WhiteElo "2265"]
[BlackElo "2275"]
[PlyCount "67"]
[EventDate "1985.??.??"]
[EventType "swiss"]
[EventRounds "10"]
[EventCountry "DEN"]
[SourceDate "2004.01.01"]

1. d4 Nf6 2. c4 g6 3. f3 d5 4. cxd5 Nxd5 5. e4 Nb6 6. Nc3 Bg7 7. Be3 O-O 8. f4
f5 9. Qb3+ Kh8 10. e5 e6 11. a4 a5 12. O-O-O Nc6 13. Be2 Nb4 14. Bf3 Bd7 15. h4
h5 16. Nh3 Qe8 17. Ng5 Nxa4 18. Rd2 Ra6 19. Qc4 Nb6 20. Qb3 Qe7 21. d5 N6xd5
22. Nxd5 exd5 23. Bxd5 a4 24. Qa3 Be8 25. Bxb7 Ra5 26. Bf3 Bb5 27. Rhd1 Kg8 28.
Rd5 Nc6 29. Bc5 Qe8 30. Kb1 Bc4 31. Rd7 Bb3 32. Bxc6 Bxd1 33. Rxg7+ Kxg7 34.
Bxf8+ 1-0

[Event "7. Copenhagen Open Politiken Cup"]
[Site "Copenhagen"]
[Date "1985.??.??"]
[Round "6"]
[White "Hansen, Curt"]
[Black "Gausel, Einar"]
[Result "1-0"]
[WhiteElo "2505"]
[BlackElo "2335"]
[PlyCount "59"]
[EventDate "1985.??.??"]
[EventType "swiss"]
[EventRounds "10"]
[EventCountry "DEN"]
[SourceDate "2004.01.01"]

1. d4 d5 2. c4 Nc6 3. Nc3 dxc4 4. Nf3 Nf6 5. e3 Bg4 6. Bxc4 e6 7. h3 Bh5 8. Bb5
Bd6 9. e4 Bxf3 10. Qxf3 e5 11. d5 a6 12. Ba4 b5 13. Nxb5 O-O 14. Nxd6 Nd4 15.
Qd3 cxd6 16. O-O Qa5 17. b3 Nb5 18. Bd2 Qb6 19. Be3 Qb7 20. Rac1 Nh5 21. Rc6
Qe7 22. g3 g6 23. Rfc1 f5 24. exf5 gxf5 25. Bxb5 axb5 26. Bh6 Qf6 27. Bxf8 Rxf8
28. Rc8 f4 29. R1c7 Ng7 30. Rxf8+ 1-0

[Event "7. Copenhagen Open Politiken Cup"]
[Site "Copenhagen"]
[Date "1985.??.??"]
[Round "6"]
[White "Hebden, Mark"]
[Black "Mokry, Karel"]
[Result "1/2-1/2"]
[WhiteElo "2480"]
[BlackElo "2490"]
[PlyCount "115"]
[EventDate "1985.??.??"]
[EventType "swiss"]
[EventRounds "10"]
[EventCountry "DEN"]
[SourceDate "2004.01.01"]

1. e4 c5 2. f4 g6 3. d4 cxd4 4. Qxd4 Nf6 5. e5 Nc6 6. Qd3 Ng8 7. Be3 d6 8. exd6
Bg7 9. Nc3 Nf6 10. Bc5 exd6 11. Bxd6 Be6 12. O-O-O Qa5 13. Qb5 O-O-O 14. Qxa5
Nxa5 15. Nf3 Ng4 16. Bc5 Bxc3 17. bxc3 Rxd1+ 18. Kxd1 Bxa2 19. Bxa7 Bd5 20. Bd4
Rd8 21. Kc1 Nc6 22. Be2 Nxd4 23. cxd4 Ne3 24. g3 Bxf3 25. Bxf3 Rxd4 26. Re1 Nf5
27. Bg4 Rd6 28. Bxf5+ gxf5 29. Re5 Rh6 30. Rxf5 Rxh2 31. Rxf7 h5 32. Rg7 Rf2
33. Rh7 Rf3 34. Rxh5 Rxg3 35. Rh7 Rf3 36. Rf7 Rf2 37. Kb2 Kd8 38. Kb3 Ke8 39.
Rf5 Ke7 40. c4 Ke6 41. Re5+ Kd6 42. Re4 Kc5 43. Kc3 Rf3+ 44. Kd2 Kd6 45. Ke2
Rb3 46. f5 Kd7 47. c5 Rh3 48. Re3 Rh5 49. Re5 Rh3 50. Kf2 Kc6 51. Ke2 Rg3 52.
Re8 Rg5 53. Re5 Rg3 54. Kf2 Rd3 55. f6 Rd8 56. Ke3 Rf8 57. Rf5 Kd7 58. Ke4
1/2-1/2

[Event "7. Copenhagen Open Politiken Cup"]
[Site "Copenhagen"]
[Date "1985.??.??"]
[Round "6"]
[White "Heyken, Enno"]
[Black "Jacobsen, Bo"]
[Result "1/2-1/2"]
[WhiteElo "2350"]
[BlackElo "2280"]
[PlyCount "70"]
[EventDate "1985.??.??"]
[EventType "swiss"]
[EventRounds "10"]
[EventCountry "DEN"]
[SourceDate "2004.01.01"]

1. e4 e5 2. Nf3 Nc6 3. Bc4 d6 4. d4 exd4 5. Nxd4 g6 6. Nc3 Bg7 7. Be3 Nf6 8. f3
O-O 9. Qd2 Ne5 10. Be2 Re8 11. O-O-O a6 12. g4 b5 13. g5 Nh5 14. f4 Nc4 15.
Bxc4 bxc4 16. Nc6 Qd7 17. Na5 Bxc3 18. Qxc3 Rxe4 19. Rhe1 Qb5 20. Bd2 Rxe1 21.
Rxe1 Be6 22. f5 Qxf5 23. Nc6 Re8 24. Qd4 h6 25. Qa7 Kh7 26. Qxc7 Bd7 27. Ne7
Qg4 28. Qxd6 hxg5 29. b3 Be6 30. Kb2 Nf6 31. Qe5 Nd7 32. Qd6 Nf6 33. Qe5 Nd7
34. Qd6 Nf6 35. Qe5 Nd7 1/2-1/2

[Event "7. Copenhagen Open Politiken Cup"]
[Site "Copenhagen"]
[Date "1985.??.??"]
[Round "6"]
[White "Hoi, Carsten"]
[Black "Hodgson, Julian M"]
[Result "0-1"]
[WhiteElo "2380"]
[BlackElo "2455"]
[PlyCount "60"]
[EventDate "1985.??.??"]
[EventType "swiss"]
[EventRounds "10"]
[EventCountry "DEN"]
[SourceDate "2004.01.01"]

1. d4 Nf6 2. c4 c5 3. d5 b5 4. cxb5 a6 5. bxa6 g6 6. Nc3 Bxa6 7. e4 Bxf1 8.
Kxf1 d6 9. g3 Bg7 10. Kg2 O-O 11. f4 Nbd7 12. Nf3 Qb8 13. Re1 Ne8 14. Re2 Nc7
15. e5 Qb7 16. exd6 exd6 17. f5 Bxc3 18. bxc3 Nxd5 19. Qc2 Ne5 20. Qe4 Ra4 21.
Qxa4 Nxc3 22. Rxe5 Nxa4 23. Re1 Qd5 24. Bf4 Nb2 25. Bh6 Ra8 26. fxg6 hxg6 27.
a4 Nd3 28. Red1 c4 29. Rd2 c3 30. Rc2 Rb8 0-1

[Event "7. Copenhagen Open Politiken Cup"]
[Site "Copenhagen"]
[Date "1985.??.??"]
[Round "6"]
[White "Huenerkopf, Heinz"]
[Black "Gibbons, Bart F"]
[Result "1-0"]
[WhiteElo "2305"]
[BlackElo "2260"]
[PlyCount "80"]
[EventDate "1985.??.??"]
[EventType "swiss"]
[EventRounds "10"]
[EventCountry "DEN"]
[SourceDate "2004.01.01"]

1. e4 e5 2. Nf3 Nc6 3. d4 exd4 4. Nxd4 Qh4 5. Nb5 Qxe4+ 6. Be2 Bb4+ 7. Bd2 Kd8
8. O-O Nge7 9. Re1 a6 10. Bd3 Qh4 11. Re4 Qf6 12. Bxb4 Nxb4 13. Rxb4 axb5 14.
Rxb5 b6 15. Be4 Ra7 16. Nc3 Re8 17. Qd2 Bb7 18. Rb3 Nc8 19. Bxb7 Rxb7 20. Nd5
Qc6 21. Rd1 Nd6 22. Ra3 f6 23. h3 Re5 24. Qd3 g6 25. Nxf6 Rg5 26. Nd5 Rb8 27.
Rc3 Rxd5 28. Qxd5 Qxd5 29. Rxd5 Ra8 30. a3 Ra4 31. Rcd3 Re4 32. Kf1 Re7 33. a4
Kc8 34. b3 Kb7 35. c4 Kc6 36. b4 Nxc4 37. b5+ Kb7 38. Rxd7 Re4 39. R3d4 Rxd4
40. Rxd4 Nd6 1-0

[Event "7. Copenhagen Open Politiken Cup"]
[Site "Copenhagen"]
[Date "1985.??.??"]
[Round "6"]
[White "Iskov, Gert"]
[Black "From, Sigfred"]
[Result "1-0"]
[WhiteElo "2325"]
[BlackElo "2245"]
[PlyCount "49"]
[EventDate "1985.??.??"]
[EventType "swiss"]
[EventRounds "10"]
[EventCountry "DEN"]
[SourceDate "2004.01.01"]

1. e4 g6 2. d4 Bg7 3. Nc3 d6 4. f4 Nc6 5. Nf3 Bg4 6. Be3 Bxf3 7. gxf3 d5 8. Qd2
e6 9. O-O-O Nge7 10. h4 h5 11. Na4 a6 12. Bh3 b6 13. f5 exf5 14. exf5 Na5 15.
fxg6 fxg6 16. Bg5 O-O 17. Qe2 Bf6 18. Bh6 Bg7 19. Qe6+ Kh7 20. Bg5 Bh6 21. Nc3
c6 22. Kb1 Bxg5 23. hxg5 Ra7 24. Bg4 Rh8 25. Qf7# 1-0

[Event "7. Copenhagen Open Politiken Cup"]
[Site "Copenhagen"]
[Date "1985.??.??"]
[Round "6"]
[White "Kamaras, Peter"]
[Black "Brynell, Stellan"]
[Result "0-1"]
[WhiteElo "2330"]
[BlackElo "2250"]
[PlyCount "64"]
[EventDate "1985.??.??"]
[EventType "swiss"]
[EventRounds "10"]
[EventCountry "DEN"]
[SourceDate "2004.01.01"]

1. d4 d5 2. Nf3 Nc6 3. Bf4 Bg4 4. e3 e6 5. Be2 Bd6 6. Bg3 Nf6 7. Nbd2 O-O 8.
O-O Re8 9. Ne5 Bxe2 10. Qxe2 Ne7 11. f4 Nf5 12. Bf2 Be7 13. g4 Nd6 14. Bh4 Nfe4
15. Bxe7 Qxe7 16. Ndf3 f6 17. Nd3 b6 18. Nd2 c5 19. Nxe4 Nxe4 20. Qg2 Rac8 21.
c3 b5 22. Rac1 a5 23. Kh1 Rc7 24. f5 g5 25. fxe6 Qxe6 26. dxc5 Nxc5 27. Nxc5
Rxc5 28. Rcd1 Kg7 29. Rd3 b4 30. cxb4 axb4 31. h3 Qe5 32. Qh2 Qe4+ 0-1

[Event "7. Copenhagen Open Politiken Cup"]
[Site "Copenhagen"]
[Date "1985.??.??"]
[Round "6"]
[White "Pavlovic, Milos"]
[Black "Karolyi, Tibor Jr"]
[Result "0-1"]
[WhiteElo "2305"]
[BlackElo "2445"]
[PlyCount "40"]
[EventDate "1985.??.??"]
[EventType "swiss"]
[EventRounds "10"]
[EventCountry "DEN"]
[SourceDate "2004.01.01"]

1. e4 c5 2. f4 Nc6 3. Nf3 g6 4. Bb5 Bg7 5. O-O Nd4 6. Nc3 e6 7. f5 a6 8. fxe6
fxe6 9. Bd3 d6 10. b3 Nf6 11. e5 Nxf3+ 12. Qxf3 dxe5 13. Bb2 O-O 14. Ne4 Nd5
15. Qg3 Rf4 16. Ng5 Rxf1+ 17. Rxf1 Nf4 18. Nxh7 Qxd3 19. Qh4 Qxd2 20. Qd8+ Qxd8
0-1

[Event "7. Copenhagen Open Politiken Cup"]
[Site "Copenhagen"]
[Date "1985.??.??"]
[Round "6"]
[White "Reinert, Mads"]
[Black "Pliester, Leon"]
[Result "1/2-1/2"]
[WhiteElo "2260"]
[BlackElo "2370"]
[PlyCount "55"]
[EventDate "1985.??.??"]
[EventType "swiss"]
[EventRounds "10"]
[EventCountry "DEN"]
[SourceDate "2004.01.01"]

1. e4 e5 2. Nf3 Nc6 3. Bc4 Nf6 4. d3 Be7 5. O-O d6 6. c3 O-O 7. Bb3 Na5 8. Bc2
c5 9. b4 cxb4 10. cxb4 Nc6 11. b5 Na5 12. Bb2 Bg4 13. h3 Bh5 14. g4 Bg6 15. Nh4
Rc8 16. Nd2 Ne8 17. Nxg6 fxg6 18. Nb3 Kh8 19. Bc1 Nxb3 20. Bxb3 Nc7 21. a4 d5
22. Be3 d4 23. Bd2 Bg5 24. Kg2 Qf6 25. Bxg5 Qxg5 26. Rc1 Qf6 27. Qe2 h6 28. Rc2
1/2-1/2

[Event "7. Copenhagen Open Politiken Cup"]
[Site "Copenhagen"]
[Date "1985.??.??"]
[Round "6"]
[White "Setterqvist, Kurt"]
[Black "Berg, Klaus"]
[Result "0-1"]
[WhiteElo "2280"]
[BlackElo "2340"]
[PlyCount "124"]
[EventDate "1985.??.??"]
[EventType "swiss"]
[EventRounds "10"]
[EventCountry "DEN"]
[SourceDate "2004.01.01"]

1. d4 Nf6 2. c4 c5 3. d5 b5 4. a4 bxc4 5. Nc3 d6 6. e4 g6 7. Bxc4 Bg7 8. f4 O-O
9. Nf3 Ba6 10. Bxa6 Nxa6 11. O-O Nb4 12. Re1 c4 13. Re2 Nd3 14. g3 Rb8 15. Kg2
Nd7 16. Qc2 Qa5 17. Nd1 Nxc1 18. Rxc1 Rb4 19. Nd2 Nb6 20. Ra1 Rc8 21. Re3 Rxa4
22. Rea3 Rxa3 23. Rxa3 Qc5 24. Nc3 f5 25. Nf3 h6 26. exf5 Bxc3 27. Rxc3 gxf5
28. Qxf5 Kg7 29. Qg4+ Kf8 30. Qe6 Nxd5 31. Qxh6+ Ke8 32. Qg6+ Kd7 33. Rc1 Ne3+
34. Kh3 Rh8+ 35. Nh4 Qd5 36. Rg1 Qf3 37. Qg5 a6 38. Qg6 Kc6 39. Qe6 Kc5 40.
Qc8+ Rxc8 41. Nxf3 Rb8 42. Re1 Rh8+ 43. Nh4 Nf5 44. Kg4 Nxh4 45. gxh4 Rg8+ 46.
Kf3 Rg7 47. Ra1 Kb5 48. h5 a5 49. h4 Kb4 50. f5 Kb3 51. Rxa5 Kxb2 52. Rb5+ Kc1
53. Rb7 c3 54. f6 Rf7 55. Rxe7 Rxf6+ 56. Kg4 c2 57. Kg5 Rf8 58. h6 Rc8 59. Re1+
Kd2 60. Rf1 c1=Q 61. Rxc1 Kxc1 62. h7 d5 0-1

[Event "7. Copenhagen Open Politiken Cup"]
[Site "Copenhagen"]
[Date "1985.??.??"]
[Round "6"]
[White "Steczkowski, Kazimierz"]
[Black "Sorensen, Henrik"]
[Result "0-1"]
[WhiteElo "2390"]
[BlackElo "2235"]
[PlyCount "42"]
[EventDate "1985.??.??"]
[EventType "swiss"]
[EventRounds "10"]
[EventCountry "DEN"]
[SourceDate "2004.01.01"]

1. e4 c6 2. d4 d5 3. exd5 cxd5 4. Bd3 Nc6 5. c3 g6 6. Nf3 Bg7 7. O-O Nh6 8. Re1
O-O 9. Ne5 f6 10. Nxc6 bxc6 11. f4 e5 12. fxe5 fxe5 13. Bxh6 Bxh6 14. Rxe5 Bf4
15. Qe1 Bxe5 16. Qxe5 Qh4 17. Qg3 Qxg3 18. hxg3 Bf5 19. Ba6 Rab8 20. b3 Rbe8
21. Nd2 Re3 0-1